| 000 | 01297nam a2200265 a 4500 | ||
|---|---|---|---|
| 005 | 20150105115307.0 | ||
| 008 | 140124b2005 ck ||||| |||| 00| 0 spa d | ||
| 040 | _cCO-BoIH | ||
| 041 | _aspa | ||
| 044 | _ack | ||
| 090 |
_aIAVH _b00475 |
||
| 100 |
_aAgudelo, Antonio Arnovis _95072 |
||
| 245 | _aLista de referencia de los Mantodea neotropicales (Insecta: Dictyoptera) | ||
| 260 |
_as.l. _bInstituto Alexander von Humboldt _c2005 |
||
| 300 | _a25 p. | ||
| 520 | _aListado de referencia actualizado sobre estos insectos extensamente distribuidos en la región Neotropical, tanto en los diferentes climas como en los ecosistemas terrestres. Se enumera la literatura pertinente adquirida y representada en 161 referencias bibliográficas. Se ingresa la información correspondiente al listado taxonómico del suborden Mantodea para el Neotrópico, con su respectiva sinonimia y distribución geográfica por países, en Brasil y Colombia. Todos los datos se han actualizado a 2004 | ||
| 650 |
_aListado de referencia _95073 |
||
| 650 |
_aMantodea neotropicales _95074 |
||
| 650 |
_aOrganización taxonómica _95075 |
||
| 650 |
_aLiteratura relevante _95076 |
||
| 700 |
_aLombardo, Francesco _95077 |
||
| 700 |
_aJantsch, José Lauro _95078 |
||
| 942 |
_cINFORME _2z |
||
| 945 | _d2005-12-05 | ||
| 999 |
_c4934 _d4934 |
||